[Event "Commonwealth-ch"]
[Site "Chennai"]
[Date "2012.11.25"]
[Round "5"]
[White "Nishvin, J."]
[Black "Grover, Sahaj"]
[Result "0-1"]
[WhiteElo "2069"]
[BlackElo "2509"]
[PlyCount "75"]
[EventDate "2012.11.23"]
[EventType "swiss"]
[EventRounds "11"]
[EventCountry "IND"]
[SourceTitle "CBM 151 Extra"]
[Source "ChessBase"]
[SourceDate "2012.12.18"]
[SourceVersion "1"]
[SourceVersionDate "2012.12.18"]
[SourceQuality "1"]

1. d4 e6 2. c4 Nf6 3. g3 d5 4. Nf3 dxc4 5. Bg2 c6 6. Ne5 Bb4+ 7. Bd2 Qxd4 8. Bxb4 Qxe5 9. Na3 b5 10. f4 Qc7 11. Nxb5 cxb5 12. Bxa8 Bb7 13. Bxb7 Qxb7 14. Rf1 Nc6 15. Bc3 Ng4 16. Qd6 Ne3 17. Qc5 Nxf1 18. Kxf1 f6 19. Rd1 Ne7 20. Qh5+ Ng6 21. Rd6 0-0 22. Rxe6 b4 23. Bd4 Rd8 24. e3 c3 25. bxc3 bxc3 26. Bxc3 Nf8 27. Re8 g6 28. Rxf8+ Rxf8 29. Qc5 Qh1+ 30. Ke2 Qxh2+ 31. Kd3 Qxa2 32. Qd6 Qf7 33. g4 Rc8 34. Qd4 Qc7 35. Qxf6 Qxc3+ 36. Qxc3 Rxc3+ 37. Kxc3 h5 38. gxh5 0-1

[Event "Commonwealth-ch"]
[Site "Chennai"]
[Date "2012.11.24"]
[Round "3"]
[White "Nishvin, J."]
[Black "Sachdev, Tania"]
[Result "0-1"]
[WhiteElo "2069"]
[BlackElo "2400"]
[PlyCount "68"]
[EventDate "2012.11.23"]
[EventType "swiss"]
[EventRounds "11"]
[EventCountry "IND"]
[SourceTitle "CBM 151 Extra"]
[Source "ChessBase"]
[SourceDate "2012.12.18"]
[SourceVersion "1"]
[SourceVersionDate "2012.12.18"]
[SourceQuality "1"]

1. d4 Nf6 2. g3 e6 3. c4 c5 4. d5 exd5 5. cxd5 d6 6. Nc3 g6 7. Nf3 Bg7 8. Bg2 0-0 9. 0-0 Re8 10. Nd2 a6 11. a4 Nbd7 12. h3 Rb8 13. Nc4 Ne5 14. Na3 Qe7 15. f4 Ned7 16. e4 Nh5 17. Kh2 Qf8 18. g4 Nhf6 19. Qd3 h6 20. Bd2 Nh7 21. Rf2 Bd4 22. Be3 Bg7 23. Qd2 f5 24. exf5 gxf5 25. g5 hxg5 26. fxg5 Ne5 27. Bf3 f4 28. Bg2 Ng6 29. Qc2 Bf5 30. Be4 Rxe4 31. Nxe4 Nxg5 32. Bxf4 Bxe4 33. Bxg5 Bxc2 34. Rxf8+ Rxf8 0-1

[Event "IND-ch U15"]
[Site "New Delhi"]
[Date "2010.09.09"]
[Round "8"]
[White "Nishvin, J."]
[Black "Prince, Bajaj"]
[Result "1/2-1/2"]
[WhiteElo "2060"]
[BlackElo "2198"]
[PlyCount "92"]
[EventDate "2010.09.04"]
[EventType "swiss"]
[EventRounds "11"]
[EventCountry "IND"]
[SourceTitle "CBM 138 Extra"]
[Source "ChessBase"]
[SourceDate "2010.10.29"]
[SourceVersion "1"]
[SourceVersionDate "2010.10.29"]
[SourceQuality "1"]

1. d4 Nf6 2. c4 e6 3. Nc3 Bb4 4. e3 0-0 5. Bd3 d5 6. cxd5 exd5 7. Nge2 c6 8. 0-0 Re8 9. f3 b6 10. Qe1 Ba6 11. Bxa6 Nxa6 12. a3 Bd6 13. Qf2 Qd7 14. Bd2 Nc7 15. Qh4 c5 16. Rfd1 Nb5 17. Rac1 Rac8 18. dxc5 bxc5 19. Kh1 Nxc3 20. Nxc3 Qf5 21. Re1 Qd3 22. Rcd1 Qg6 23. Bc1 d4 24. exd4 Rxe1+ 25. Rxe1 cxd4 26. Qxd4 Bb8 27. Bf4 Bxf4 28. Qxf4 Qc2 29. Re2 Qd3 30. Qd2 Qf5 31. Re1 h6 32. Kg1 a6 33. Ne4 Nxe4 34. Rxe4 Qc5+ 35. Qe3 Qd6 36. Re8+ Rxe8 37. Qxe8+ Kh7 38. Qe4+ g6 39. Qc4 Kg8 40. Kf2 Qb6+ 41. Kg3 Qxb2 42. Qxa6 Qe5+ 43. Kf2 Qd4+ 44. Kf1 Qd1+ 45. Kf2 Qd4+ 46. Kf1 Qd1+ 1/2-1/2

[Event "IND-ch U15"]
[Site "New Delhi"]
[Date "2010.09.07"]
[Round "6"]
[White "Debankan, Dhara"]
[Black "Nishvin, J."]
[Result "1/2-1/2"]
[WhiteElo "1873"]
[BlackElo "2060"]
[PlyCount "113"]
[EventDate "2010.09.04"]
[EventType "swiss"]
[EventRounds "11"]
[EventCountry "IND"]
[SourceTitle "CBM 138 Extra"]
[Source "ChessBase"]
[SourceDate "2010.10.29"]
[SourceVersion "1"]
[SourceVersionDate "2010.10.29"]
[SourceQuality "1"]

1. d4 Nf6 2. c4 g6 3. Nc3 d5 4. cxd5 Nxd5 5. e4 Nxc3 6. bxc3 Bg7 7. Bc4 c5 8. Ne2 Nc6 9. Be3 cxd4 10. cxd4 0-0 11. 0-0 Na5 12. Bd3 b6 13. Rc1 Bb7 14. Qd2 Rc8 15. Bh6 Bxh6 16. Qxh6 Qd7 17. h4 Rxc1 18. Rxc1 Rc8 19. Rf1 Qe6 20. e5 Qd5 21. Nf4 Qxd4 22. Re1 Qb4 23. Re3 e6 24. h5 Qf8 25. Qg5 h6 26. Qg4 g5 27. Nh3 Qg7 28. Qd4 Bd5 29. f3 Nc4 30. Re1 Qf8 31. Nf2 Qc5 32. Qxc5 Rxc5 33. Ng4 Kg7 34. Bxc4 Bxc4 35. a3 Ra5 36. Re3 Rd5 37. Nf6 Rd1+ 38. Kh2 b5 39. Ne8+ Kf8 40. Nd6 Rd3 41. Re4 Rxa3 42. Nxc4 bxc4 43. Rxc4 Ra5 44. Rc7 a6 45. Ra7 Rxe5 46. Rxa6 Rf5 47. Ra3 Rf4 48. g4 Kg7 49. Kg3 Rb4 50. Ra5 Rb6 51. Rc5 Rb1 52. Ra5 Rb2 53. Rc5 Re2 54. Ra5 e5 55. Ra4 Rd2 56. Ra5 Re2 57. Ra4 1/2-1/2

[Event "IND-ch U15"]
[Site "New Delhi"]
[Date "2010.09.06"]
[Round "4"]
[White "Akash, G."]
[Black "Nishvin, J."]
[Result "1-0"]
[WhiteElo "2213"]
[BlackElo "2060"]
[PlyCount "117"]
[EventDate "2010.09.04"]
[EventType "swiss"]
[EventRounds "11"]
[EventCountry "IND"]
[SourceTitle "CBM 138 Extra"]
[Source "ChessBase"]
[SourceDate "2010.10.29"]
[SourceVersion "1"]
[SourceVersionDate "2010.10.29"]
[SourceQuality "1"]

1. e4 e5 2. Nf3 Nc6 3. Bb5 a6 4. Ba4 Nf6 5. 0-0 Be7 6. Re1 b5 7. Bb3 0-0 8. h3 Bb7 9. d3 d6 10. a3 Qd7 11. Nc3 Nd8 12. d4 exd4 13. Nxd4 c5 14. Nf5 c4 15. Ba2 Re8 16. Bg5 Bc6 17. b3 Ne6 18. Bh4 cxb3 19. cxb3 Nc5 20. b4 Ncxe4 21. Nxe7+ Rxe7 22. Nxe4 Rxe4 23. Bxf6 gxf6 24. Rxe4 Bxe4 25. Qd4 Qf5 26. Re1 Bd3 27. Qxd6 Bc4 28. Bb1 Qg5 29. Re3 Kh8 30. Rg3 Qe5 31. Qd2 Rg8 32. Qh6 f5 33. Rxg8+ Kxg8 34. Qg5+ Kf8 35. Qxf5 Qa1 36. Kh2 Qxa3 37. Qc5+ Kg7 38. Be4 h6 39. Qe5+ Kg8 40. Qg3+ Qxg3+ 41. Kxg3 Kg7 42. Kf4 Kf6 43. Bb7 Bf1 44. h4 Ke6 45. g4 Be2 46. Ke3 Bf1 47. Kd4 Kd6 48. Bxa6 Be2 49. Bc8 Kc7 50. Bf5 Kd6 51. f4 Bf3 52. g5 h5 53. Be4 Bg4 54. Bd3 Bd7 55. Be2 Bg4 56. Bxg4 hxg4 57. h5 Ke7 58. f5 Kf8 59. Ke3 1-0

[Event "IND-ch U15"]
[Site "Mumbai"]
[Date "2009.11.06"]
[Round "7"]
[White "Nishvin, J."]
[Black "Lokesh, P."]
[Result "1/2-1/2"]
[WhiteElo "1908"]
[BlackElo "2147"]
[PlyCount "209"]
[EventDate "2009.11.01"]
[EventType "swiss"]
[EventRounds "11"]
[EventCountry "IND"]
[SourceTitle "EXT 2011"]
[Source "ChessBase"]
[SourceDate "2010.11.26"]
[SourceVersion "1"]
[SourceVersionDate "2010.11.26"]
[SourceQuality "1"]

1. d4 Nf6 2. c4 g6 3. Nc3 Bg7 4. e4 d6 5. f4 0-0 6. Nf3 c5 7. d5 b5 8. e5 dxe5 9. fxe5 Ng4 10. Bf4 Nd7 11. Qe2 b4 12. Ne4 Qb6 13. Ned2 Qc7 14. 0-0-0 Ngxe5 15. g3 f6 16. Bh3 Qa5 17. Bxe5 fxe5 18. Be6+ Kh8 19. Kb1 Bf6 20. h4 Nb6 21. h5 Bxe6 22. dxe6 g5 23. Nxe5 Na4 24. Nb3 Qc7 25. Ng6+ Kg8 26. Nxf8 Bxb2 27. Qe3 Rxf8 28. Qxg5+ Kh8 29. Rhf1 Bf6 30. Qh6 Kg8 31. Rf4 Qe5 32. Rg4+ Bg7 33. Rxg7+ Qxg7 34. Qxg7+ Kxg7 35. Rd7 Rf1+ 36. Kc2 Rf2+ 37. Nd2 Kf6 38. Rxa7 Nc3 39. Kd3 Kxe6 40. Ra6+ Kf7 41. Rh6 Kg8 42. Re6 Rg2 43. Rxe7 Rxg3+ 44. Kc2 Nxa2 45. Re5 Rc3+ 46. Kb1 Ra3 47. Rxc5 Nc3+ 48. Kc2 Ra2+ 49. Kc1 Ne2+ 50. Kd1 Nd4 51. Rc8+ Kg7 52. Rc7+ Kh6 53. Kc1 b3 54. Ne4 Re2 55. Nd6 Kxh5 56. Rxh7+ Kg4 57. Rb7 Kf4 58. Nb5 Rc2+ 59. Kb1 Ne2 60. Rf7+ Ke3 61. Re7+ Kd3 62. Rd7+ Ke3 63. Re7+ Kf2 64. Rxe2+ Rxe2 65. Nd4 Re4 66. Nxb3 Rxc4 67. Kb2 Ke3 68. Nc1 Rc8 69. Nb3 Kd3 70. Nc1+ Kd4 71. Ne2+ Kd3 72. Nc1+ Kd2 73. Nb3+ Kd1 74. Nd4 Rc4 75. Nb3 Ke2 76. Nc1+ Kd2 77. Nb3+ Kd1 78. Na5 Rh4 79. Nb3 Rh2+ 80. Kc3 Rc2+ 81. Kd3 Rh2 82. Kc3 Rh3+ 83. Kc4 Kc2 84. Nd4+ Kb2 85. Nb5 Rg3 86. Nd4 Rc3+ 87. Kd5 Rc8 88. Nb5 Kb3 89. Nd6 Rc1 90. Nb5 Kb4 91. Nd4 Rd1 92. Ke5 Kc4 93. Ne6 Rd2 94. Nc7 Rh2 95. Ne6 Rh5+ 96. Kd6 Rh1 97. Ke5 Re1+ 98. Kd6 Re2 99. Nf4 Re3 100. Ne6 Re4 101. Nc7 Rd4+ 102. Kc6 Rh4 103. Kd6 Rh6+ 104. Ne6 Rxe6+ 105. Kxe6 1/2-1/2